[Event "Dewan Astana Karnival op (Women)"]
[Site "Dewan Astana"]
[Date "2015.07.31"]
[Round "4"]
[White "Zakira, Afina Zainudin"]
[Black "Amanina, Husna Ahmad Ridzuan"]
[Result "0-1"]
[WhiteElo "1116"]
[BlackElo "1365"]
[PlyCount "66"]
[EventDate "2015.07.29"]
[EventType "swiss"]
[EventRounds "7"]
[EventCountry "MAS"]
[SourceTitle "EXT 2017"]
[Source "ChessBase"]
[SourceDate "2016.10.25"]
[SourceVersion "1"]
[SourceVersionDate "2016.10.25"]
[SourceQuality "1"]

1. e4 c5 2. Nc3 Nc6 3. Nf3 Nf6 4. Bb5 d6 5. Bxc6+ bxc6 6. d3 g6 7. h3 Bg7 8. Bf4 Qb6 9. Rb1 Nd7 10. 0-0 0-0 11. Qd2 Re8 12. Bh6 Ne5 13. Nxe5 Bxe5 14. Kh1 Qb7 15. f4 Bd4 16. f5 d5 17. Qf4 e5 18. Qg5 Qe7 19. Qxe7 Rxe7 20. fxg6 hxg6 21. Rf3 Rb8 22. Na4 c4 23. dxc4 dxe4 24. Rf6 Re6 25. Rxe6 Bxe6 26. c3 Bf2 27. Rf1 e3 28. Ra1 e2 29. Bd2 Rd8 30. Nc5 Rxd2 31. Ne4 Rd1+ 32. Rxd1 exd1Q+ 33. Kh2 Qg1# 0-1

[Event "Dewan Astana Karnival op (Women)"]
[Site "Dewan Astana"]
[Date "2015.07.30"]
[Round "2"]
[White "Ng, Xin Hwan"]
[Black "Amanina, Husna Ahmad Ridzuan"]
[Result "1/2-1/2"]
[WhiteElo "1200"]
[BlackElo "1365"]
[PlyCount "51"]
[EventDate "2015.07.29"]
[EventType "swiss"]
[EventRounds "7"]
[EventCountry "MAS"]
[SourceTitle "EXT 2017"]
[Source "ChessBase"]
[SourceDate "2016.10.25"]
[SourceVersion "1"]
[SourceVersionDate "2016.10.25"]
[SourceQuality "1"]

1. e4 c5 2. c3 Nc6 3. Nf3 d6 4. Bb5 Bd7 5. d4 cxd4 6. cxd4 g6 7. Bc4 Bg7 8. Be3 Nf6 9. Nc3 0-0 10. h3 Re8 11. 0-0 Nb4 12. Bb3 e6 13. Qd2 Bc6 14. Bg5 Qc7 15. Bxf6 Bxf6 16. Ne2 Na6 17. Rac1 Qe7 18. d5 exd5 19. Bxd5 Bxd5 20. exd5 Nc5 21. Ng3 Rac8 22. Rfe1 Qd8 23. Rxe8+ Qxe8 24. Re1 Qd8 25. Nd4 Bxd4 26. Qxd4 1/2-1/2